000 00728nam a2200241Ia 4500
003 OSt
005 20220925212407.0
006 a|||||r|||| 00| 0
007 ta
008 220923b |||||||| |||| 00| 0 eng d
037 _cGeneral Book
040 _aRTL
_cRTL
_beng
041 _2eng
_aeng
082 _aV3:55(X:9).M, A
100 _aMaurice Frederick D
_9276757
245 0 _aWorkman and the franchise
_b Chapters from English h
260 _aLondon
_bAlexander Strahan
_c1866
300 _axvi, 244p
_ccm.
490 _aReprints of Economic Classics
650 _aConstitution Great Britain
_9231188
942 _hV3:55(X:9).M, A
_cGB
_2CC
999 _c560260
_d560260